|
|
|
|
| LEADER |
00936nam a22002412a 4500 |
| 001 |
000391098 |
| 003 |
CZ BrMZK |
| 005 |
20121127110936.0 |
| 007 |
ta |
| 008 |
980107s1973 xr f cze d |
| 015 |
|
|
|a cnb000462683
|
| 035 |
|
|
|a (OCoLC)42091082
|
| 040 |
|
|
|a BOA001
|b cze
|
| 100 |
1 |
|
|a Sábl, Václav,
|d 1906-1983
|7 jk01110242
|4 aut
|
| 245 |
1 |
0 |
|a Daliborovy Kozojedy a hrad Dřevíč :
|b z jejich nejstarších dějin /
|c Václav Sábl
|
| 260 |
|
|
|a Nové Strašecí :
|b Vlastivědné muzeum Novostrašecka,
|c 1973
|
| 300 |
|
|
|a 112 s., obr. příl.
|
| 910 |
|
|
|a BOA001
|b PK-0070.320
|b 2-0714.170
|
| 964 |
|
|
|a Dřevíč (hrad) - dějiny - pojednání
|
| 964 |
|
|
|a Kozojedy - dějiny - pojednání
|
| 990 |
|
|
|a BK
|
| 996 |
6 |
|
|b 2619656513
|c 2-0714.170
|l Sklad H1
|r Sklad / do 24 hodin
|n 0
|h HS212
|w 000391098
|u 000020
|a 1
|e BOA001
|j MZK50
|s P
|
| 996 |
7 |
|
|b 3119817626
|c PK-0070.320
|l MZK
|r Sklad / do 1 hodiny
|n 5
|w 000391098
|u 000010
|a 1
|e BOA001
|j MZK50
|s A
|